Statistics for APUSH Period 8 Dates

Click here to take the quiz!

General Stats

  • This quiz has been taken 47 times
  • The average score is 45 of 63

Answer Stats

HintAnswer% Correct
Treaty of Paris ends the 7 Years' War, Pontiac's Rebellion, & Proclamation Line1763
91%
War of 1812 begins1812
91%
Thomas Paine's Common Sense & the Declaration of Independence1776
88%
U.S. enters W.W.I; Fourteen Points1917
88%
Columbus, Spanish, Columbian Exchange1492
84%
American Revolution begins; Lexington & Concord,Second Continental Congress, Articles of Confederation1775
84%
Compromise of 18501850
84%
W.W.I ends1918
84%
First permanent English colony: Jamestown1607
81%
Stamp Act, first direct tax, "no taxation without representation"1765
81%
Treaty of Paris:end of American Revolution & beginning of U.S. under Articles of Confederation1783
81%
Treaty of Ghent, end of the War of 1812, Hartford Resolutions arrive in D.C., end of Federalist Party, beginning of Era of Good Feelings1815
81%
Election of Abraham Lincoln, secession begins1860
81%
Beginning of Civil War, Battle of Fort Sumter1861
81%
Civil War ends; assassination of Lincoln;13th Amendment1865
81%
End of Radical Reconstruction; Compromise of 1877; Jim Crow begins1877
81%
19th Amendment;Treaty of Versailles not ratified1920
81%
Pearl Harbor, U.S. enters W.W.II; Depression ends1941
81%
End of W.W.II; atomic bombs on Hiroshima and Nagasaki; beginning of Cold War ("iron curtain" descends)1945
81%
March on Washington;JFK assassinated1963
81%
Northwest Ordinance & Constitution1787
78%
Louisiana Purchase, Marbury v. Madison1803
78%
Missouri Compromise1820
78%
Homestead Act, Pacific Railway Act,Treasury System, Morrill Act; Antietam1862
78%
Battle of Gettysburg, Gettysburg Address, Battle of Vicksburg, Emancipation Proclamation1863
78%
First Red Scare; Red Summer1919
78%
Stock Market Crash; beginning of Great Depression1929
78%
Sputnik; beginning of space race1957
78%
French and Indian War begins (7 Years' War)1754
75%
Bill of Rights added to Constitution1791
75%
Election of Thomas Jefferson1800
75%
Korean War begins1950
75%
Brown v. Board of Education1954
75%
Gulf of Tonkin Resolution; LBJ's Great Society, Civil Rights Act of19641964
75%
MLK and RFK assassinated, Tet Offensive, Chicago riot, silent majority, race riots, anti-war escalates1968
75%
Constitution ratified by 9 states & takes effect1788
72%
Andrew Jackson elected, Era of the Common Man1828
72%
Kansas-Nebraska Act; Republican Party1854
72%
FDR's New Deal begins1933
72%
NATO; USSR atomic bomb; China=communist1949
72%
Korean War ends; armistice and DMZ1953
72%
Voting Rights Act; Immigration Act1965
72%
Vietnam War ends with armistice1973
72%
Watergate Scandal1974
72%
Slave importation ends (Slavery Compromise 1789)1808
69%
Monroe Doctrine1823
69%
"Corrupt Bargain" election, beginning of Democratic Party (pro-Jackson movement)1824
69%
Election of Polk; Manifest Destiny1844
69%
Dred Scott v. Sanford1857
69%
Spanish American War/beginning of imperialism1898
69%
First slaves in Jamestown & House of Burgesses1619
66%
Treaty of Guadalupe Hidalgo, Mexican Cession, end of Mexican-American War; Seneca Falls Convention1848
66%
Wounded Knee; Closure of the West (frontier "closed"); Sherman Antitrust Act1890
66%
Mexican-American War begins1846
63%
Fall of Saigon1975
63%
Plymouth founded (Puritans) in New England1620
59%
People's Party (Populist Third Party) nationwide1892
59%
Plessy v. Ferguson1896
59%
Bacon's Rebellion1676
50%
Pueblo Revolt1680
41%
More urban than rural; culture conflicts1920s
28%
First Two-Party System, Hamilton vs. Jefferson1790s
22%
Second Two-Party System, Jackson vs. Clay1820s-1830s
6%

Score Distribution

Percentile by Number Answered

Percent of People with Each Score

Your Score History

You have not taken this quiz